[Event "Let's Play Chess!"]
[Site "http://www.queenalice.com/game.php?id=796845"]
[Date "2010.6.30"]
[Round "-"]
[White "colatina"]
[Black "Viper3910"]
[Result "1-0"]
[WhiteElo "1844"]
[BlackElo "1824"]

1. Nc3 e5 2. d4 Nc6 3. dxe5 Nxe5 4. Bf4 Nc4 5. b3 Nb6 6. e4 g5 7. Bg3 f6 8. Qh5+
Ke7 9. e5 Bg7 10. O-O-O Qe8 11. exf6+ Bxf6 12. Re1+ 1-0

[Event "Let's Play Chess!"]
[Site "http://www.queenalice.com/game.php?id=796855"]
[Date "2010.6.30"]
[Round "-"]
[White "colatina"]
[Black "Viper3910"]
[Result "0-1"]
[WhiteElo "1852"]
[BlackElo "1840"]

1. e4 e5 2. Qh5 Nc6 3. Bc4 g6 4. Qf3 Nf6 5. Qb3 Qe7 6. d3 Nd4 7. Qc3 Bg7 8. Be3
c5 9. Nf3 Ng4 10. Qd2 Nxe3 11. fxe3 Nc6 12. Nc3 O-O 13. Nd5 Qd8 14. a3 d6 15.
Qf2 h6 16. h3 a6 17. c3 Na5 18. Ba2 b5 19. c4 bxc4 20. dxc4 Bb7 21. Qd2 Bxd5 22.
cxd5 Qb6 23. Rb1 Nb3 24. Bxb3 Qxb3 25. O-O a5 26. Qc3 c4 27. Nd2 Qxc3 28. bxc3
Rac8 29. Rb5 Rc5 30. a4 Rxb5 31. axb5 Rc8 32. Ra1 Bf6 33. Rxa5 Bd8 34. Ra4 Bb6
35. Nxc4 Bc5 36. b6 Rb8 37. Ra6 f5 38. exf5 gxf5 39. b7 Rxb7 40. Nxd6 Bxe3+ 41.
Kh2 Bf4+ 42. Kg1 Rb1+ 43. Kf2 e4 44. Nc4 Bh2 45. Ra2 Rc1 46. Nd6 Bxd6 47. g4 f4
48. Ra4 e3+ 49. Ke2 Rxc3 50. Ra1 Rc2+ 51. Kf3 Rd2 52. Ke4 Rh2 53. Ra6 e2 54. Ra1
Rf2 55. Kf5 Rf1 56. Ra8+ Bf8 57. Re8 Kf7 58. Rxe2 f3 59. Re6 f2 60. Rf6+ Kg7 61.
Rg6+ Kh7 62. Rf6 Bg7 63. Re6 Rd1 64. Re4 f1=Q+ 0-1

[Event "Let's Play Chess!"]
[Site "http://www.queenalice.com/game.php?id=796859"]
[Date "2010.7.3"]
[Round "-"]
[White "Xmen"]
[Black "Viper3910"]
[Result "1/2-1/2"]
[WhiteElo "1868"]
[BlackElo "1815"]

1. e4 e5 2. Nf3 Nc6 3. d4 exd4 4. Nxd4 Bc5 5. c3 Nf6 6. Nxc6 bxc6 7. Bg5 h6 8.
Bf4 Nxe4 9. Be3 Bxe3 10. fxe3 O-O 11. Qf3 d5 12. Nd2 Qe7 13. Nxe4 dxe4 14. Qg3
Rd8 15. Bc4 Bf5 16. O-O Be6 17. Bxe6 fxe6 18. Rf4 Rf8 19. Raf1 e5 20. Rxf8+ Rxf8
21. Rxf8+ Kxf8 22. Qf2+ Kg8 23. Qc2 Qh4 24. Qf2 Qxf2+ 25. Kxf2 g5 26. b4 a6 27.
g4 c5 28. a3 cxb4 29. cxb4 c6 30. Ke2 Kf7 31. h3 Ke6 32. Kd2 Kd5 33. Kc3 c5 34.
a4 Kc6 35. Kc4 cxb4 36. Kxb4 Kd5 37. a5 Kc6 38. Kc4 Kd6 1/2-1/2

[Event "PedoneA0"]
[Site "http://www.queenalice.com/game.php?id=797907"]
[Date "2010.7.2"]
[Round "-"]
[White "PedoneA0"]
[Black "Viper3910"]
[Result "1-0"]
[WhiteElo "1649"]
[BlackElo "1797"]

1. d4 d5 2. Bf4 Bf5 3. e3 e6 4. Nf3 h6 5. c4 Bb4+ 6. Nc3 Nf6 7. a3 Bd6 8. Bxd6
cxd6 9. cxd5 exd5 10. Qb3 Qc8 11. Bb5+ Bd7 12. Bxd7+ Nbxd7 13. O-O O-O 14. Rac1
Qc6 15. Ne4 Qxc1 16. Nxf6+ Nxf6 17. Rxc1 Rac8 18. Rxc8 Rxc8 19. Kf1 b6 20. Nd2
Rc1+ 21. Ke2 Rh1 22. Nf3 Rc1 23. Qa4 Rc7 24. Qb4 Ne4 25. Qa4 Kf8 26. Nh4 g6 27.
f3 Nf6 28. Kd3 Ne8 29. e4 dxe4+ 30. fxe4 Ke7 31. Nf3 f6 32. Nh4 Kf7 33. Nxg6
Kxg6 34. Qxe8+ Kg7 35. Qd8 Rc1 36. Qxd6 1-0

[Event "Let's Play Chess!"]
[Site "http://www.queenalice.com/game.php?id=800548"]
[Date "2010.7.8"]
[Round "-"]
[White "chesterbra"]
[Black "Viper3910"]
[Result "0-1"]
[WhiteElo "1384"]
[BlackElo "1840"]

1. e4 e5 2. Qf3 Nf6 3. Nc3 d6 4. h3 c6 5. g4 Be6 6. g5 Nfd7 7. d3 f6 8. h4 Be7
9. Nh3 h6 10. Rg1 c5 11. a3 Nc6 12. Be3 Qa5 13. O-O-O O-O-O 14. gxh6 gxh6 15.
Rg6 Nd4 16. Qg3 Rdg8 17. Rxg8+ Rxg8 18. Qh2 f5 19. Bxh6 f4 20. Ng5 Bg4 21. Qg2
Bxd1 22. Kxd1 Rg6 23. Nd5 Qd8 24. f3 Rxh6 25. Nf7 Qf8 26. Nxh6 Qxh6 27. Nxe7+
Kc7 28. Qd2 Qxh4 29. Qa5+ Nb6 30. Qxa7 Qxe7 31. Be2 Nc6 32. Qxb6+ Kxb6 33. c3
Kc7 34. b4 cxb4 35. axb4 b5 36. Bf1 Qh7 37. Kc1 Qh1 38. Kb2 Qxf1 39. d4 exd4 40.
cxd4 Nxd4 41. Kc3 Nxf3 42. Kb3 Nd2+ 43. Kc3 Nxe4+ 44. Kb3 Qc4+ 45. Kb2 f3 46.
Ka3 f2 47. Kb2 f1=Q 48. Ka3 Qfd3+ 49. Kb2 Qcc2+ 50. Ka1 Qdd1# 0-1

[Event "Let's Play Chess!"]
[Site "http://www.queenalice.com/game.php?id=802531"]
[Date "2010.7.12"]
[Round "-"]
[White "colatina"]
[Black "Viper3910"]
[Result "1-0"]
[WhiteElo "1836"]
[BlackElo "1812"]

1. e4 e5 2. Qh5 Nc6 3. Bc4 g6 4. Qf3 Nf6 5. c3 d6 6. h3 Na5 7. d3 Nxc4 8. dxc4
Be6 9. Qe2 c6 10. Nf3 h6 11. b4 g5 12. g4 d5 13. c5 Nxe4 14. Nxe5 Qf6 15. c4
Qxe5 16. Bb2 d4 17. Nd2 f5 18. gxf5 Bxf5 19. f3 Qg3+ 20. Kd1 O-O-O 21. Nxe4 Qf4
22. Bc1 Qc7 23. Qh2 Qxh2 24. Rxh2 Bg7 25. Nd6+ Kc7 26. Nxf5 Be5 27. Rg2 d3 28.
Rb1 Rh7 29. Bb2 Bf4 30. Nd4 Rxd4 31. Bxd4 Rd7 32. Bc3 h5 33. Bd2 Rd4 34. Bxf4+
Rxf4 35. Rxg5 Rxf3 36. Rg7+ Kc8 37. Rb2 Rxh3 38. Rf2 1-0

[Event "Let's Play Chess!"]
[Site "http://www.queenalice.com/game.php?id=802576"]
[Date "2010.7.12"]
[Round "-"]
[White "Gmasteer"]
[Black "Viper3910"]
[Result "1-0"]
[WhiteElo "1687"]
[BlackElo "1785"]

1. e4 e5 2. Nf3 d6 3. Bc4 Nf6 4. Ng5 d5 5. exd5 Nxd5 6. Qf3 Be6 7. Nxe6 fxe6 8.
Qh5+ g6 9. Qxe5 Nf6 10. Qxe6+ Qe7 11. O-O Qxe6 12. Bxe6 Nbd7 13. Re1 O-O-O 14.
d3 h6 15. Nc3 Bb4 16. Bd2 Kb8 17. a3 Bc5 18. Na4 g5 19. Bc3 Be7 20. Bf5 Rhe8 21.
Bxf6 Nxf6 22. Re6 Rd6 23. Rae1 Rxe6 24. Rxe6 Ng8 25. Nc5 Rd8 26. b4 b6 27. Nb3
Bd6 28. c4 Rf8 29. Nd4 Kb7 30. Bh7 Nf6 31. Be4+ Nxe4 32. dxe4 h5 33. Nb5 Rd8 34.
Nxd6+ cxd6 35. b5 Kc7 36. Re7+ Kb8 37. g3 Rc8 38. e5 d5 39. cxd5 Rc5 40. d6 1-0

[Event "Let's Play Chess!"]
[Site "http://www.queenalice.com/game.php?id=802763"]
[Date "2010.7.15"]
[Round "-"]
[White "Xmen"]
[Black "Viper3910"]
[Result "1-0"]
[WhiteElo "1879"]
[BlackElo "1842"]

1. Nf3 e6 2. d4 d5 3. Bg5 f6 4. Bd2 Nc6 5. a3 e5 6. dxe5 fxe5 7. Bg5 Nf6 8. e3
h6 9. Bh4 g5 10. Bg3 Ne4 11. Nxe5 Qf6 12. Qh5+ Kd8 13. Qf7 Nxe5 14. Qxf6+ Nxf6
15. Bxe5 Be7 16. Nc3 Be6 17. Nb5 Kd7 18. Nxc7 Rac8 19. Bb5+ 1-0

[Event "MONSTER (3)"]
[Site "http://www.queenalice.com/game.php?id=803354"]
[Date "2010.7.14"]
[Round "-"]
[White "FRANKENSTEIN_"]
[Black "Viper3910"]
[Result "1-0"]
[WhiteElo "1397"]
[BlackElo "1785"]

1. e4 e5 2. Nf3 d6 3. d4 Bg4 4. Be2 Nc6 5. d5 Nb4 6. a3 Na6 7. Bxa6 bxa6 8. Nc3
Qb8 9. O-O Qb7 10. b3 f6 11. h3 Bd7 12. Ne2 g5 13. Ng3 h5 14. Be3 O-O-O 15. c4
a5 16. Qd2 Qa6 17. Qe2 c6 18. dxc6 Bxc6 19. b4 Ba4 20. b5 Qb7 21. Qb2 Kd7 22.
Qd2 Qc7 23. Rfc1 Ke8 24. Nf5 Ne7 25. Bxa7 Nxf5 26. Be3 Nxe3 27. Qxe3 Bh6 28. Qd3
g4 29. Nh4 Bxc1 30. Rxc1 gxh3 31. Qxh3 Qd7 32. Qf3 Kf7 33. Nf5 Qa7 34. Qd3 Qc5
35. Re1 h4 36. Re3 Rh5 37. Rh3 Rxf5 38. exf5 Qd4 39. Qxd4 exd4 40. Rd3 Bc2 41.
Rxd4 Bxf5 42. Rxh4 Ke6 43. Rd4 d5 44. b6 Ke5 45. Rd2 d4 46. c5 d3 47. c6 Be4 48.
c7 Rc8 49. f3 Bb7 50. Rxd3 a4 51. Re3+ Kd6 52. Rc3 Ra8 53. Kf2 Kd7 54. g4 Ra6
55. Rd3+ Kc6 56. c8=Q+ Bxc8 57. Rc3+ Kb7 58. Rc4 Ra8 59. Rb4 Bd7 60. Kg3 Rc8 61.
Rd4 Bxg4 62. Kxg4 Kxb6 63. Rxa4 Rc3 64. f4 Kb5 65. Ra8 Rc5 66. Rf8 Rc6 67. Kf5
Ka4 68. Rxf6 Rc5+ 69. Kg6 Kxa3 70. f5 Rc8 71. Kg7 Kb4 72. Rf8 Rc7+ 73. Kg8 Kc5
74. f6 1-0

[Event "Let's Play Chess!"]
[Site "http://www.queenalice.com/game.php?id=803475"]
[Date "2010.7.14"]
[Round "-"]
[White "fortunato"]
[Black "Viper3910"]
[Result "1-0"]
[WhiteElo "1500"]
[BlackElo "1785"]

1. e4 e5 2. Nf3 d6 3. d4 Bg4 4. dxe5 dxe5 5. Qxd8+ Kxd8 6. Nxe5 Be6 7. Nc3 Bd6
8. Nc4 Bc5 9. Be3 Na6 10. O-O-O+ Bd7 11. Ne5 Bxe3+ 12. fxe3 Nc5 13. Nxd7 Nxd7
14. g3 Ke8 15. Nb5 Rc8 16. Rxd7 Kxd7 17. Bh3+ Kc6 18. Nxa7+ 1-0

[Event "Let's Play Chess!"]
[Site "http://www.queenalice.com/game.php?id=804432"]
[Date "2010.7.17"]
[Round "-"]
[White "Kingfish"]
[Black "Viper3910"]
[Result "1-0"]
[WhiteElo "1842"]
[BlackElo "1827"]

1. e4 e5 2. Nf3 Nc6 3. Bc4 Bc5 4. Nc3 d6 5. a3 Be6 6. Bb5 Qd7 7. O-O Nf6 8. Re1
a6 9. Bxc6 Qxc6 10. d3 Qb6 11. Qd2 Bd7 12. b4 Bd4 13. Nxd4 exd4 14. Nd5 Nxd5 15.
exd5+ Kf8 16. Qf4 c5 17. Bd2 Qc7 18. c3 a5 19. Qh4 f6 20. cxd4 cxb4 21. axb4 a4
22. Bf4 Re8 23. Rxe8+ Bxe8 24. Qg3 Ke7 25. Qxg7+ 1-0

[Event "Liriosma ovata"]
[Site "http://www.queenalice.com/game.php?id=804829"]
[Date "2010.7.18"]
[Round "-"]
[White "Abstro"]
[Black "Viper3910"]
[Result "1-0"]
[WhiteElo "1857"]
[BlackElo "1797"]

1. e4 e5 2. Nf3 Nc6 3. Bb5 Nd4 4. Nxd4 exd4 5. d3 a6 6. Ba4 b5 7. Bb3 c5 8. Qf3
Qf6 9. Qxf6 Nxf6 10. O-O Bd6 11. Re1 Ng4 12. h3 Ne5 13. f4 Nc6 14. e5 Be7 15.
Bd5 Bb7 16. Nd2 O-O 17. g3 Na5 18. Bxb7 Nxb7 19. c3 Na5 20. Nf3 dxc3 21. bxc3 c4
22. d4 Nb7 23. f5 Rae8 24. g4 Bh4 25. Nxh4 1-0

[Event "Let's Play Chess!"]
[Site "http://www.queenalice.com/game.php?id=855153"]
[Date "2010.11.5"]
[Round "-"]
[White "docesenhora"]
[Black "Viper3910"]
[Result "1-0"]
[WhiteElo "2062"]
[BlackElo "1795"]

1. d4 d5 2. c4 dxc4 3. e3 b5 4. a4 c6 5. axb5 Bb7 6. Bxc4 e6 7. Nf3 Bd6 8. O-O
Nf6 9. e4 Nxe4 10. Re1 Nf6 11. bxc6 Nxc6 12. d5 Na5 13. Bb5+ Ke7 14. dxe6 1-0

[Event "Let's Play Chess!"]
[Site "http://www.queenalice.com/game.php?id=855154"]
[Date "2010.11.5"]
[Round "-"]
[White "Viper3910"]
[Black "docesenhora"]
[Result "0-1"]
[WhiteElo "1795"]
[BlackElo "2069"]

1. e4 e5 2. Bc4 Nc6 3. Nf3 Nf6 4. d3 Bc5 5. Be3 Bb6 6. Nc3 d6 7. Nd5 Nxd5 8.
Bxd5 Ne7 9. Bb3 Be6 10. Ng5 Bxb3 11. axb3 Ng6 12. O-O Bxe3 13. fxe3 Qxg5 0-1

[Event "Let's Play Chess!"]
[Site "http://www.queenalice.com/game.php?id=855266"]
[Date "2010.11.5"]
[Round "-"]
[White "docesenhora"]
[Black "Viper3910"]
[Result "1-0"]
[WhiteElo "2054"]
[BlackElo "1795"]

1. d4 d5 2. c4 dxc4 3. e3 b5 4. a4 c6 5. axb5 cxb5 6. Qf3 Bb7 7. Qxb7 Nd7 8.
Qxb5 Nf6 9. Nc3 e6 10. Nf3 Bd6 11. Bxc4 a6 12. Rxa6 Rxa6 13. Qxa6 Nb6 14. Bb5+
Nfd7 15. Bxd7+ 1-0

[Event "Let's Play Chess!"]
[Site "http://www.queenalice.com/game.php?id=855267"]
[Date "2010.11.5"]
[Round "-"]
[White "Viper3910"]
[Black "docesenhora"]
[Result "0-1"]
[WhiteElo "1795"]
[BlackElo "2022"]

1. e4 e5 2. Bc4 Nc6 3. Nf3 Nf6 4. d3 Bc5 5. O-O d6 6. a3 Bg4 7. b4 Bb6 8. c3 Ne7
9. Nbd2 Ng6 10. h3 Be6 11. g4 Qd7 12. Nh2 Nf4 13. Bxe6 Nxh3+ 0-1